Fisonomía histórica de Chile

Uloženo v:
Podrobná bibliografie
Hlavní autor: Eyzaguirre Gutiérrez, Jaime (autor)
Médium: Kniha
Jazyk:španělština
Vydáno: Santiago Del Pacifico 1958
Edice:Rostro de Chile
Témata:
Tagy: Přidat tag
Žádné tagy, Buďte první, kdo vytvoří štítek k tomuto záznamu!

MARC

LEADER 00000nam a2200000 a 4500
001 UCH3868
003 CL-VaPUC
008 090818e19580000CL |||||||||||||||||spa|d
082 0 4 |a 983  |b EYZ  |2 21 
100 |a Eyzaguirre Gutiérrez, Jaime  |e autor  |9 584583 
245 1 0 |a Fisonomía histórica de Chile 
300 |a 175 p 
942 |c BK 
945 |d 20090818 00:00:00  |a lazolas 
260 |a Santiago  |b Del Pacifico  |c 1958 
650 0 |a Historia de Chile  |9 265473 
650 7 |a ENSAYOS HISTORICOS  |2 CL-VaPUC  |9 315150 
650 0 |a Guerra de Arauco  |9 267618 
650 7 |a COLONIA  |2 CL-VaPUC  |9 539285 
650 0 |a Independencia de Chile  |9 440305 
650 0 |a República  |9 310048 
651 7 |a CHILE  |2 CL-VaPUC  |9 539286 
583 |a last modification  |c 20090818 00:00:00  |k Rodrigo Vera 
490 0 |a Rostro de Chile 
999 |c 335272  |d 335270